| 000 | 00346nam a2200133Ia 4500 | ||
|---|---|---|---|
| 005 | 20260328104247.0 | ||
| 008 | 260328s9999||||xx |||||||||||||| ||und|| | ||
| 100 | _aUribe Rivera, Rafael | ||
| 245 | 0 |
_aEl Arquitecto Carlos Arbeláez Camacho / _cRafael Uribe Rivera |
|
| 260 | _bAntares | ||
| 300 | _a329 p. | ||
| 650 | _aARQUITECTOS | ||
| 942 | _cBK | ||
| 999 |
_c10108 _d10108 |
||